[Event "CZE-chT2e 0506"]
[Site "Czech Republic"]
[Date "2006.04.09"]
[Round "11.3"]
[White "Macura, Emil"]
[Black "Divis, Josef"]
[Result "1/2-1/2"]
[WhiteElo "2152"]
[BlackElo "2203"]
[PlyCount "84"]
[EventDate "2005.10.16"]
[EventType "team-tourn"]
[EventRounds "11"]
[EventCountry "CZE"]
[SourceTitle "EXT 2008"]
[Source "ChessBase"]
[SourceDate "2007.11.25"]
[SourceVersion "1"]
[SourceVersionDate "2007.11.25"]
[SourceQuality "1"]

1. Nf3 Nf6 2. c4 g6 3. g3 Bg7 4. Bg2 0-0 5. 0-0 d6 6. d4 c6 7. Nc3 Bf5 8. Nh4 Bd7 9. e4 e5 10. Nf3 Re8 11. h3 a6 12. Be3 b5 13. Nd2 Ng4 14. hxg4 exd4 15. Bf4 dxc3 16. bxc3 Bxc3 17. Rc1 Be5 18. Bf3 Bxf4 19. gxf4 Qf6 20. f5 h5 21. Bg2 hxg4 22. Qxg4 Ra7 23. Nf3 bxc4 24. Rxc4 d5 25. exd5 cxd5 26. Rf4 Bxf5 27. Qg3 Re4 28. Rxe4 dxe4 29. Qxb8+ Kh7 30. Qxa7 exf3 31. Bxf3 Bh3 32. Bg2 Bxg2 33. Kxg2 Qg5+ 34. Kf3 Qf5+ 35. Ke3 Qe5+ 36. Kf3 Qf5+ 37. Ke2 Qb5+ 38. Ke1 Qb1+ 39. Ke2 Qb5+ 40. Ke3 Qxf1 41. Qxf7+ Kh6 42. Qf8+ Kh7 1/2-1/2

[Event "CZE-chT2e 0506"]
[Site "Czech Republic"]
[Date "2005.11.20"]
[Round "3.6"]
[White "Skalka, Josef"]
[Black "Divis, Josef"]
[Result "1-0"]
[WhiteElo "1892"]
[BlackElo "2203"]
[PlyCount "75"]
[EventDate "2005.10.16"]
[EventType "team-tourn"]
[EventRounds "11"]
[EventCountry "CZE"]
[SourceTitle "EXT 2008"]
[Source "ChessBase"]
[SourceDate "2007.11.25"]
[SourceVersion "1"]
[SourceVersionDate "2007.11.25"]
[SourceQuality "1"]

1. e4 c5 2. c3 Nf6 3. e5 Nd5 4. Bc4 Nb6 5. Bb3 e6 6. Nf3 d6 7. exd6 Bxd6 8. d4 cxd4 9. Nxd4 0-0 10. Nb5 Be7 11. 0-0 Bd7 12. Qe2 a6 13. Nd4 Nc6 14. Be3 Na5 15. Rd1 Qc7 16. Nd2 Nxb3 17. axb3 Nd5 18. Ne4 Nxe3 19. Qxe3 f5 20. Ng5 f4 21. Ndxe6 fxe3 22. Nxc7 Rac8 23. Nd5 exf2+ 24. Kf1 Bc5 25. Rd2 Bc6 26. Ne6 Rf5 27. Rad1 Bxd5 28. Rxd5 Rxd5 29. Rxd5 Bb6 30. Rd6 Ba7 31. Rd7 Re8 32. Rxg7+ Kh8 33. Rxb7 Rxe6 34. Rxa7 Rd6 35. Re7 Rd2 36. Re2 Rd1+ 37. Kxf2 Rh1 38. h3 1-0

[Event "MOR-chT2M 0203"]
[Site "Moravia"]
[Date "2002.12.15"]
[Round "5"]
[White "Divis, Josef"]
[Black "Belunek, Vladimir"]
[Result "0-1"]
[WhiteElo "2231"]
[BlackElo "2421"]
[PlyCount "98"]
[EventDate "2002.10.??"]
[EventType "team-tourn"]
[EventRounds "11"]
[EventCountry "CZE"]
[SourceTitle "EXT 2006"]
[Source "ChessBase"]
[SourceDate "2005.11.24"]
[SourceVersion "1"]
[SourceVersionDate "2005.11.24"]
[SourceQuality "1"]

1. Nf3 Nf6 2. g3 d5 3. Bg2 c6 4. 0-0 Bg4 5. h3 Bh5 6. d4 e6 7. Nbd2 Nbd7 8. c4 Be7 9. Re1 0-0 10. Qb3 Qb6 11. Qxb6 axb6 12. e3 Bb4 13. cxd5 exd5 14. g4 Bg6 15. Ne5 Nxe5 16. dxe5 Nd7 17. f4 Bd3 18. Bf1 Nc5 19. Bxd3 Nxd3 20. Rd1 Nxc1 21. Raxc1 Rxa2 22. Rb1 Rfa8 23. Kf2 Kf8 24. Kf3 Ke7 25. e4 Bxd2 26. Rxd2 dxe4+ 27. Kxe4 R2a4+ 28. Kf3 Rd8 29. Rxd8 Kxd8 30. Rd1+ Ke7 31. f5 b5 32. g5 Rb4 33. Rd2 Rh4 34. Kg3 Re4 35. f6+ gxf6 36. exf6+ Ke6 37. Rd8 Rb4 38. h4 Kf5 39. Rd7 Rb3+ 40. Kg2 Rxb2+ 41. Kf3 Rb3+ 42. Kg2 Kg6 43. Rxb7 c5 44. Rb8 c4 45. Rg8+ Kh5 46. g6 hxg6 47. Rg7 Kxh4 48. Rxf7 Kg5 49. Rf8 Kf5 0-1

[Event "Morava-chT 9798"]
[Site "Czech Republic"]
[Date "1998.??.??"]
[Round "5.7"]
[White "Hrtanek, Jiri"]
[Black "Divis, Josef"]
[Result "1-0"]
[WhiteElo "2265"]
[BlackElo "2245"]
[PlyCount "67"]
[EventDate "1997.??.??"]
[EventType "tourn"]
[EventRounds "11"]
[EventCountry "CZE"]
[SourceTitle "EXT 1999"]
[Source "ChessBase"]
[SourceDate "1998.11.16"]
[SourceVersion "1"]
[SourceVersionDate "1998.11.16"]
[SourceQuality "1"]

1. d4 Nf6 2. c4 g6 3. Nc3 Bg7 4. e4 d6 5. h3 0-0 6. Bg5 h6 7. Be3 e5 8. d5 a5 9. Qd2 Kh7 10. Bd3 Na6 11. Nge2 Nc5 12. Bc2 Bd7 13. g4 Ng8 14. Ng3 Bf6 15. f3 Bg5 16. h4 Bxe3 17. Qxe3 Ne7 18. 0-0-0 Rb8 19. a4 Ra8 20. Rdf1 c6 21. f4 Qb6 22. Qe2 exf4 23. Rxf4 cxd5 24. Rhf1 Kg8 25. exd5 Rae8 26. Qf2 Nb3+ 27. Bxb3 Qxb3 28. Nge4 f5 29. Nxd6 Rd8 30. Ndb5 Bxb5 31. axb5 a4 32. Qc5 Rd7 33. gxf5 Nxf5 34. h5 1-0

[Event "Morava-chT 9697"]
[Site "Czech Republic"]
[Date "1997.??.??"]
[Round "?"]
[White "Kozak, Petr"]
[Black "Divis, Josef"]
[Result "0-1"]
[WhiteElo "2095"]
[BlackElo "2235"]
[PlyCount "122"]
[EventDate "1996.??.??"]
[EventType "tourn"]
[EventRounds "11"]
[EventCountry "CZE"]
[SourceTitle "EXT 1998"]
[Source "ChessBase"]
[SourceDate "1997.11.17"]
[SourceVersion "1"]
[SourceVersionDate "1997.11.17"]
[SourceQuality "1"]

1. e4 c5 2. Nf3 Nc6 3. d4 cxd4 4. Nxd4 Nf6 5. Nc3 e5 6. Ndb5 d6 7. a4 a6 8. Na3 Be7 9. Bc4 0-0 10. 0-0 Be6 11. Bg5 Rc8 12. Bxf6 Bxf6 13. Bd5 Na5 14. Qd3 Qb6 15. Rab1 Qb4 16. Rfd1 Rfd8 17. Bxe6 fxe6 18. Qh3 Re8 19. Na2 Qb6 20. Qd3 Qd4 21. Qe2 Qxa4 22. Rxd6 Nc4 23. Nc3 Qb4 24. Nxc4 Rxc4 25. Rd3 Rec8 26. Qd1 Qc5 27. Qg4 Qc6 28. Rf3 Kh8 29. Qh5 Qe8 30. Qxe8+ Rxe8 31. Rd1 b5 32. b3 Rd4 33. Rfd3 Rc8 34. f3 b4 35. Ne2 Rxd3 36. cxd3 Rc2 37. Kf1 Bg5 38. d4 Kg8 39. dxe5 Be3 40. f4 Rb2 41. g3 Rxb3 42. Ra1 Rb2 43. Rxa6 Kf7 44. f5 Rc2 45. Ra1 b3 46. Rb1 b2 47. h4 Rc1+ 48. Nxc1 bxc1Q+ 49. Rxc1 Bxc1 50. Kf2 Bb2 51. Kf3 Bxe5 52. g4 exf5 53. exf5 Bc3 54. g5 Be1 55. h5 Bd2 56. Kg4 Bc1 57. h6 g6 58. fxg6+ hxg6 59. Kh4 Ke6 60. Kg4 Bd2 61. h7 Bc3 0-1

[Event "Morava-chT 9798"]
[Site "Czech Republic"]
[Date "1997.??.??"]
[Round "3.8"]
[White "Uhmann, Jan"]
[Black "Divis, Josef"]
[Result "1-0"]
[WhiteElo "2220"]
[BlackElo "2245"]
[PlyCount "77"]
[EventDate "1997.??.??"]
[EventType "tourn"]
[EventRounds "11"]
[EventCountry "CZE"]
[SourceTitle "EXT 1999"]
[Source "ChessBase"]
[SourceDate "1998.11.16"]
[SourceVersion "1"]
[SourceVersionDate "1998.11.16"]
[SourceQuality "1"]

1. d4 Nf6 2. c4 e6 3. Nc3 Bb4 4. e3 b6 5. Bd3 Bb7 6. Nf3 0-0 7. 0-0 d5 8. Ne5 Nbd7 9. f4 Ne4 10. Nxe4 dxe4 11. Nxd7 Qxd7 12. Be2 a5 13. Bd2 Be7 14. Bc3 f5 15. Qc2 c5 16. Rfd1 Qc7 17. d5 exd5 18. cxd5 Rad8 19. a4 Kh8 20. Bc4 Bf6 21. Rd2 Qe7 22. Rad1 Rd6 23. Bxf6 Qxf6 24. Qc3 Qg6 25. Bb5 h6 26. Qe5 Rfd8 27. Bc4 Re8 28. Qc3 Red8 29. Kf1 Kg8 30. Bb5 Kh7 31. Qe5 Qf7 32. Bc4 Qd7 33. g4 g6 34. gxf5 gxf5 35. Rg2 Qf7 36. Kf2 Qf6 37. Rdg1 Bxd5 38. Qxf6 Rxf6 39. Bxd5 1-0

[Event "CZE-ch"]
[Site "Czech Republic"]
[Date "1994.??.??"]
[Round "2"]
[White "Divis, Josef"]
[Black "Folk, Petr"]
[Result "1/2-1/2"]
[WhiteElo "2305"]
[BlackElo "2255"]
[PlyCount "54"]
[EventDate "1994.05.??"]
[EventType "swiss"]
[EventRounds "11"]
[EventCountry "CZE"]
[SourceTitle "TD"]
[Source "ChessBase"]
[SourceDate "1994.03.01"]
[SourceVersion "1"]
[SourceVersionDate "1994.03.01"]
[SourceQuality "1"]

1. e4 c5 2. Nf3 Nc6 3. d4 cxd4 4. Nxd4 Nf6 5. Nc3 e5 6. Ndb5 d6 7. a4 a6 8. Na3 Be6 9. Bc4 Be7 10. 0-0 0-0 11. Bg5 Nd4 12. Bxf6 Bxf6 13. Nd5 Rc8 14. c3 Nc6 15. Nc2 Na5 16. Ba2 Nc4 17. Nce3 Nxe3 18. Nxe3 Bg5 19. Nd5 Kh8 20. Qe2 g6 21. Rfd1 Bd7 22. Bc4 Be6 23. a5 Bxd5 24. Bxd5 Qd7 25. Rd3 Kg7 26. Kh1 Bd8 27. Qc2 Qb5 1/2-1/2

[Event "CZE-ch"]
[Site "Czech Republic"]
[Date "1994.??.??"]
[Round "10"]
[White "Divis, Josef"]
[Black "Jacek, Martin"]
[Result "1-0"]
[WhiteElo "2305"]
[BlackElo "2185"]
[PlyCount "105"]
[EventDate "1994.05.??"]
[EventType "swiss"]
[EventRounds "11"]
[EventCountry "CZE"]
[SourceTitle "TD"]
[Source "ChessBase"]
[SourceDate "1994.03.01"]
[SourceVersion "1"]
[SourceVersionDate "1994.03.01"]
[SourceQuality "1"]

1. e4 d5 2. exd5 Qxd5 3. Nc3 Qa5 4. g3 e5 5. Bg2 Bd6 6. Nf3 Nc6 7. 0-0 Nge7 8. d3 f6 9. a3 Rb8 10. Bd2 b5 11. Ne4 Qa6 12. b4 Bd7 13. Be3 Qc8 14. Bc5 Bxc5 15. Nxc5 Bh3 16. d4 Ng6 17. dxe5 Bxg2 18. Kxg2 Ncxe5 19. Nxe5 fxe5 20. Qd3 Qg4 21. Kh1 0-0 22. f3 Qf5 23. Nd7 Rbd8 24. Rad1 Qxd3 25. Rxd3 Rfe8 26. Rfd1 Ra8 27. Nc5 Nf8 28. Re3 a5 29. Rde1 axb4 30. axb4 Ra2 31. R1e2 Rb2 32. Nd3 Rb1+ 33. Kg2 Nd7 34. f4 e4 35. Rxe4 Rxe4 36. Rxe4 Kf7 37. Re2 Nb6 38. Re5 c6 39. Rc5 Nd5 40. Rxc6 Nxb4 41. Ne5+ Kf8 42. Rc8+ Ke7 43. Rc7+ Kf8 44. Rf7+ Ke8 45. Rxg7 Nxc2 46. Rxh7 b4 47. Rb7 b3 48. Kf3 b2 49. Kg4 Ne3+ 50. Kg5 Nd1 51. Nc4 Rc1 52. Nxb2 Rb1 53. Nc4 1-0

[Event "CZE-ch"]
[Site "Czech Republic"]
[Date "1994.??.??"]
[Round "11"]
[White "Sosna, Jan"]
[Black "Divis, Josef"]
[Result "1/2-1/2"]
[WhiteElo "2325"]
[BlackElo "2305"]
[PlyCount "25"]
[EventDate "1994.05.??"]
[EventType "swiss"]
[EventRounds "11"]
[EventCountry "CZE"]
[SourceTitle "TD"]
[Source "ChessBase"]
[SourceDate "1994.03.01"]
[SourceVersion "1"]
[SourceVersionDate "1994.03.01"]
[SourceQuality "1"]

1. e4 e5 2. Nf3 Nc6 3. Nc3 Nf6 4. Bb5 d6 5. Bxc6+ bxc6 6. 0-0 Be7 7. d4 exd4 8. Nxd4 Bd7 9. Bg5 0-0 10. Qd3 c5 11. Nf5 Bxf5 12. exf5 Rb8 13. b3 1/2-1/2

[Event "CZE-chT 9293"]
[Site "Czech Republic"]
[Date "1993.02.06"]
[Round "5"]
[White "Divis, Josef"]
[Black "Schula, Michal"]
[Result "0-1"]
[WhiteElo "2265"]
[BlackElo "2270"]
[PlyCount "106"]
[EventDate "1992.11.28"]
[EventType "team-tourn"]
[EventRounds "9"]
[EventCountry "CZE"]
[SourceTitle "EXT 2019"]
[Source "ChessBase"]
[SourceDate "2018.10.10"]
[SourceVersion "1"]
[SourceVersionDate "2018.10.10"]
[SourceQuality "1"]
[WhiteTeam "Grygov A64 Valoz"]
[BlackTeam "Praha DP Tarok"]
[WhiteTeamCountry "CZE"]
[BlackTeamCountry "CZE"]

1. e4 c5 2. Nf3 d6 3. c3 Nf6 4. Be2 g6 5. 0-0 Bg7 6. Re1 0-0 7. Bf1 Nc6 8. h3 e5 9. d3 h6 10. Nh2 d5 11. Qf3 Re8 12. Ng4 Nxg4 13. hxg4 Be6 14. Be2 b5 15. a4 b4 16. Nd2 bxc3 17. bxc3 d4 18. c4 Rb8 19. Bd1 Qa5 20. Ra2 Rb7 21. Qe2 Reb8 22. Ra3 Bf8 23. Nb3 Qa6 24. Bd2 Nb4 25. Nc1 Kg7 26. Bb3 Be7 27. g3 Qc6 28. Bd1 Rh8 29. Nb3 Qc7 30. Nc1 Bg5 31. Kg2 Bxd2 32. Qxd2 Qc6 33. Kg1 Qd7 34. Qe2 h5 35. g5 h4 36. g4 Qe7 37. Qd2 f6 38. gxf6+ Qxf6 39. f3 g5 40. Kh2 Rf8 41. Nb3 Rc8 42. Kg2 Kg6 43. Be2 Qf8 44. Rb1 Rcb8 45. Rc1 Rf7 46. Rf1 Bxg4 47. f4 Bxe2 48. f5+ Kf6 49. Qxe2 g4 50. Qxg4 Qg8 51. Qg6+ Ke7 52. Nxc5 Nc2 53. Rb3 Ne3+ 0-1

[Event "Mlada Boleslav op"]
[Site "Mlada Boleslav"]
[Date "1993.??.??"]
[Round "?"]
[White "Divis, Josef"]
[Black "Dgebuadze, Alexandre"]
[Result "1/2-1/2"]
[WhiteElo "2265"]
[BlackElo "2400"]
[PlyCount "84"]
[EventDate "1993.08.??"]
[EventType "swiss"]
[EventRounds "9"]
[EventCountry "CZE"]
[SourceTitle "EXT 1997"]
[Source "ChessBase"]
[SourceDate "1996.11.15"]
[SourceVersion "1"]
[SourceVersionDate "1996.11.15"]
[SourceQuality "1"]

1. e4 e6 2. d4 d5 3. exd5 exd5 4. Nf3 Bd6 5. c4 dxc4 6. Bxc4 Nf6 7. 0-0 0-0 8. Bg5 Nbd7 9. Nc3 Nb6 10. Bb3 Bg4 11. h3 Bh5 12. g4 Bg6 13. Ne5 c5 14. Nxg6 hxg6 15. dxc5 Bxc5 16. Qf3 Nbd7 17. Nd5 Qa5 18. Nxf6+ Nxf6 19. Bxf6 gxf6 20. Qxf6 Qb6 21. Qf3 Rad8 22. Rad1 Bd4 23. Rfe1 Rd7 24. Re4 Qd8 25. Rde1 Bxb2 26. R1e2 Bg7 27. Kg2 b5 28. a4 a6 29. axb5 axb5 30. Ba2 Kh7 31. Rf4 Qc7 32. Qg3 Qc1 33. Qe3 Qxe3 34. fxe3 Bc3 35. e4 b4 36. e5 Kg7 37. e6 fxe6 38. Rxf8 Kxf8 39. Bxe6 Ra7 40. Rf2+ Kg7 41. Ra2 Re7 42. Ra6 Bd4 1/2-1/2

[Event "CZE-ch"]
[Site "Luhacovice"]
[Date "1993.??.??"]
[Round "3"]
[White "Divis, Josef"]
[Black "Freisler, Pavel"]
[Result "1/2-1/2"]
[WhiteElo "2265"]
[BlackElo "2395"]
[PlyCount "73"]
[EventDate "1993.??.??"]
[EventType "swiss"]
[EventRounds "11"]
[EventCountry "CZE"]
[SourceTitle "TD"]
[Source "ChessBase"]
[SourceDate "1994.03.01"]
[SourceVersion "1"]
[SourceVersionDate "1994.03.01"]
[SourceQuality "1"]

1. e4 Nf6 2. e5 Nd5 3. d4 d6 4. Qh5 g6 5. Qh4 Nc6 6. Nf3 Ndb4 7. Na3 Bf5 8. Bb5 e6 9. Bg5 Be7 10. Qh6 Bxg5 11. Nxg5 Qe7 12. 0-0 Qf8 13. Qh4 h6 14. Ne4 Bxe4 15. Qxe4 a6 16. Ba4 b5 17. Nxb5 axb5 18. Bxb5 d5 19. Qe2 Ke7 20. c3 Qb8 21. a4 Qb6 22. Qf3 f5 23. exf6+ Kf7 24. cxb4 Nxd4 25. Qf4 g5 26. Qe5 Nxb5 27. axb5 Qd6 28. Qc3 Rhb8 29. Ra6 Rxa6 30. bxa6 Rxb4 31. Ra1 Rb8 32. b4 d4 33. Qc4 d3 34. Qe4 d2 35. Qh7+ Kxf6 36. Qxh6+ Kf7 37. Qh7+ 1/2-1/2

[Event "CZE-ch"]
[Site "Luhacovice"]
[Date "1993.??.??"]
[Round "1"]
[White "Pribyl, Josef"]
[Black "Divis, Josef"]
[Result "0-1"]
[WhiteElo "2470"]
[BlackElo "2265"]
[PlyCount "68"]
[EventDate "1993.??.??"]
[EventType "swiss"]
[EventRounds "11"]
[EventCountry "CZE"]
[SourceTitle "TD"]
[Source "ChessBase"]
[SourceDate "1994.03.01"]
[SourceVersion "1"]
[SourceVersionDate "1994.03.01"]
[SourceQuality "1"]

1. e4 c5 2. Nf3 e6 3. Nc3 Nc6 4. Bb5 Nd4 5. 0-0 Nxb5 6. Nxb5 a6 7. Nc3 d6 8. d4 cxd4 9. Qxd4 Ne7 10. Rd1 Nc6 11. Qe3 Be7 12. b3 b5 13. Bb2 0-0 14. Nxb5 axb5 15. Qc3 Bf6 16. Qxc6 Bxb2 17. Qxa8 Bxa1 18. Rxa1 Qc7 19. Ne1 Bb7 20. Qa7 f5 21. exf5 Rxf5 22. a4 Re5 23. a5 Qc3 24. Qb8+ Bc8 25. h4 Qxa1 26. Qxc8+ Kf7 27. Kh2 Rxe1 28. Qb7+ Kg6 29. g3 Qd4 30. h5+ Kh6 31. Qf7 Qe4 32. f3 Qxc2+ 33. Kh3 Qf5+ 34. g4 Qxf7 0-1